UEFA Champions League: 10+ Goals (2000-) - Statistics

General Stats
  • This quiz has been taken 84 times
  • The average score is 138 of 186
Answer Stats
Ranking Player Positions Nationality Matches Goals (assists) Periods Clubs % Correct
14 Antoine Griezmann MF, FW 105 42 (15) 2013-2025
100%
1 Cristiano Ronaldo MF, FW 183 140 (45) 2003-2022
100%
8 Erling Haaland FW 48 49 (5) 2019-2025
100%
17 Harry Kane FW 57 40 (11) 2016-2019, 2022-2025
100%
4 Karim Benzema FW 152 90 (28) 2005-2023
100%
6 Kylian Mbappé MF, FW 87 55 (24) 2016-2025
100%
2 Lionel Messi MF, FW 163 129 (41) 2004-2023
100%
30 Luis Suárez FW 73 27 (23) 2010-2011, 2014-2022
100%
11 Mohamed Salah MF, FW 88 47 (17) 2013-2015, 2017-2022, 2024-2025
100%
3 Robert Lewandowski FW 133 105 (21) 2011-2025
100%
115 Ronaldo FW 34 13 (4) 2002-2007
100%
5 Thomas Müller MF, FW 163 57 (28) 2008-2025
100%
9 Zlatan Ibrahimović FW 124 48 (25) 2002-2015, 2017-2018, 2021-2022
100%
20 Andriy Shevchenko FW 73 32 (10) 2000-2001, 2002-2007, 2009-2010
98%
13 Neymar MF, FW 81 43 (33) 2013-2023
98%
7 Raúl FW 97 50 (19) 2000-2011
98%
31 Sadio Mané MF, FW 64 27 (8) 2017-2023
98%
15 Thierry Henry FW 95 42 (20) 2000-2009, 2011-2012
98%
12 Didier Drogba FW 93 44 (13) 2003-2015
97%
26 Edin Džeko FW 75 29 (12) 2009-2010, 2011-2015, 2017-2018, 2021-2023
97%
18 Edinson Cavani MF, FW 70 35 (7) 2011-2012, 2013-2022
97%
24 Samuel Eto'o FW 75 30 (16) 2001-2002, 2004-2010, 2013-2014
97%
21 Arjen Robben MF, FW 110 31 (16) 2002-2019
95%
34 Robin van Persie FW 59 25 (7) 2002-2003, 2004-2014
95%
33 Rodrygo MF, FW 64 25 (12) 2019-2025
95%
16 Sergio Agüero FW 79 41 (9) 2008-2009, 2011-2022
95%
47 Steven Gerrard MF 71 21 (15) 2001-2002, 2004-2009, 2014-2015
95%
23 Wayne Rooney MF, FW 85 30 (17) 2004-2013, 2015-2016
95%
36 Ángel Di María MF, FW 116 24 (40) 2007-2008, 2010-2013, 2015-2025
94%
41 Frank Lampard MF 105 23 (22) 2003-2015
94%
38 Marco Reus MF, FW 72 24 (13) 2012-2014, 2016-2017, 2018-2024
94%
66 Ronaldinho MF, FW 47 18 (10) 2004-2007, 2009-2011
94%
10 Ruud van Nistelrooy FW 63 48 (17) 2001-2010
94%
27 Vinicius Júnior MF, FW 68 29 (22) 2018-2025
94%
22 Kaká MF, FW 85 30 (22) 2003-2007, 2009-2014
92%
25 Álvaro Morata FW 89 29 (10) 2012-2025
91%
40 Gabriel Jesus FW 51 24 (8) 2017-2021, 2023-2025
91%
37 Gonzalo Higuaín MF, FW 83 24 (11) 2006-2013, 2016-2017, 2019-2020
91%
42 Leroy Sané MF, FW 73 23 (16) 2014-2015, 2016-2018, 2020-2025
91%
39 Olivier Giroud FW 64 24 (10) 2012-2017, 2019-2024
91%
29 Raheem Sterling MF, FW 88 27 (20) 2014-2022, 2024-2025
91%
45 Roberto Firmino MF, FW 56 22 (13) 2017-2023
91%
53 Fernando Torres FW 79 20 (8) 2007-2018
89%
19 Filippo Inzaghi FW 61 34 (4) 2000-2001, 2002-2007, 2009-2011
89%
63 Francesco Totti MF, FW 56 18 (10) 2001-2002, 2004-2005, 2006-2008, 2010-2011, 2014-2016
89%
55 Gareth Bale MF, FW 66 20 (16) 2010-2011, 2013-2019, 2021-2022
89%
54 Ousmane Dembélé MF, FW 66 20 (18) 2016-2025
89%
93 Ferrán Torres MF, FW 40 15 (5) 2018-2025
88%
60 Franck Ribéry MF, FW 87 18 (17) 2008-2019
88%
50 Lautaro Martínez FW 58 21 (5) 2018-2025
88%
32 Mario Gómez FW 44 26 (4) 2003-2004, 2007-2008, 2009-2013
88%
48 Mario Mandžukić MF, FW 60 21 (4) 2012-2019
88%
67 Romelu Lukaku FW 41 18 (4) 2017-2023
88%
68 Sergio Ramos DF 142 17 (9) 2005-2020, 2022-2024
88%
49 Alessandro Del Piero MF, FW 58 21 (13) 2000-2005, 2008-2010
86%
69 Alexis Sánchez MF, FW 77 17 (16) 2011-2024
86%
138 Andrés Iniesta MF 130 11 (30) 2002-2003, 2004-2018
86%
80 Bernardo Silva MF, FW 96 16 (12) 2014-2015, 2016-2025
86%
62 Phil Foden MF, FW 61 18 (14) 2017-2025
86%
82 Kevin De Bruyne MF, FW 79 16 (26) 2011-2012, 2013-2014, 2015-2025
85%
70 Luís Figo MF, FW 76 17 (21) 2000-2009
85%
78 Pierre-Emerick Aubameyang MF, FW 38 17 (4) 2013-2014, 2016-2017, 2022-2023
85%
86 Raphinha MF, FW 26 16 (12) 2022-2025
85%
56 Riyad Mahrez MF, FW 55 20 (16) 2016-2017, 2018-2023
85%
59 Ryan Giggs MF, FW 109 18 (37) 2000-2014
85%
180 André Silva FW 28 10 (7) 2016-2017, 2021-2025
83%
52 Cesc Fàbregas MF, FW 104 20 (23) 2004-2015, 2017-2018
83%
168 David Silva MF, FW 70 10 (11) 2006-2007, 2011-2020
83%
102 David Villa MF, FW 47 14 (6) 2006-2007, 2010-2014
83%
108 Dimitar Berbatov FW 60 13 (3) 2001-2002, 2004-2005, 2008-2011, 2014-2015
83%
121 Jackson Martínez FW 26 13 (0) 2012-2016
83%
71 Kingsley Coman MF, FW 71 17 (15) 2014-2025
83%
65 Paulo Dybala MF, FW 53 18 (4) 2015-2022
83%
61 Pedro MF, FW 84 18 (7) 2008-2015, 2017-2018, 2019-2020, 2023-2024
83%
83 Serge Gnabry DF, MF, FW 61 16 (10) 2012-2013, 2018-2025
83%
77 Timo Werner MF, FW 43 17 (9) 2017-2018, 2019-2024
83%
89 Arturo Vidal MF 83 15 (6) 2012-2022
82%
122 Ciro Immobile FW 23 13 (1) 2009-2010, 2014-2015, 2020-2021, 2023-2024
82%
35 David Trezeguet FW 49 25 (5) 2000-2005, 2008-2010
82%
169 Eden Hazard MF, FW 61 10 (11) 2011-2015, 2017-2018, 2019-2023
82%
44 Hernán Crespo FW 58 23 (6) 2000-2008
82%
107 İlkay Gündoğan MF 107 13 (15) 2011-2012, 2014-2015, 2016-2025
82%
109 Jude Bellingham MF 47 13 (13) 2020-2025
82%
146 Kai Havertz MF, FW 57 11 (4) 2016-2017, 2019-2025
82%
57 Son Heung-min MF, FW 55 19 (6) 2013-2014, 2016-2019, 2022-2023
82%
137 Toni Kroos MF 151 11 (22) 2008-2009, 2010-2024
82%
46 Claudio Pizarro FW 74 21 (4) 2001-2008, 2010-2011, 2012-2015
80%
141 Douglas Costa MF, FW 76 11 (14) 2010-2021
80%
81 Michael Ballack MF 87 16 (7) 2000-2009, 2011-2012
80%
88 Paul Scholes MF 90 15 (8) 2000-2010, 2012-2013
80%
135 Radamel Falcao FW 29 12 (1) 2009-2010, 2016-2020
80%
164 Xavi MF 135 10 (30) 2000-2002, 2004-2015
80%
125 Bastian Schweinsteiger DF, MF 95 12 (16) 2002-2006, 2008-2016
79%
184 Bukayo Saka DF, MF, FW 18 10 (6) 2023-2025
79%
155 Diego Costa FW 35 11 (5) 2013-2015, 2018-2020
79%
85 Dries Mertens MF, FW 39 16 (8) 2013-2014, 2016-2019, 2023-2024
79%
124 Joshua Kimmich DF, MF 96 12 (22) 2015-2025
79%
128 Mario Götze MF, FW 69 12 (14) 2011-2019, 2022-2023
79%
144 Mesut Özil MF, FW 69 11 (22) 2007-2008, 2010-2017
79%
105 Miroslav Klose FW 41 14 (3) 2004-2006, 2008-2011
79%
131 Philippe Coutinho MF, FW 48 12 (9) 2010-2011, 2014-2015, 2017-2022
79%
96 Serhou Guirassy FW 18 15 (4) 2020-2021, 2024-2025
79%
126 Wesley Sneijder MF 74 12 (20) 2002-2005, 2007-2016
79%
79 Gerard Piqué DF 128 16 (2) 2004-2005, 2007-2023
77%
147 Hakan Çalhanoğlu MF, FW 56 11 (9) 2014-2016, 2021-2025
77%
103 Javier Hernández FW 46 14 (2) 2010-2017
77%
72 Willian MF, FW 71 17 (11) 2007-2008, 2010-2015, 2017-2018, 2019-2020
77%
166 Ivan Rakitić MF 97 10 (15) 2007-2008, 2010-2011, 2014-2024
76%
110 Carlos Tevez MF, FW 46 13 (5) 2007-2008, 2011-2015
74%
185 Jonathan David FW 18 10 (2) 2021-2022, 2024-2025
74%
95 Julián Álvarez MF, FW 27 15 (5) 2022-2025
74%
100 Luuk de Jong FW 51 14 (3) 2010-2011, 2015-2016, 2018-2019, 2020-2021, 2023-2025
74%
134 Marcus Rashford MF, FW 37 12 (6) 2017-2018, 2020-2021, 2023-2025
74%
129 Christian Pulisic DF, MF, FW 63 12 (8) 2016-2025
73%
123 Dani Alves DF, MF 111 12 (23) 2007-2019
73%
162 Darwin Núñez MF, FW 27 11 (2) 2021-2022, 2024-2025
73%
179 Luis Díaz MF, FW 34 10 (1) 2020-2022, 2024-2025
73%
142 Michael Essien DF, MF 76 11 (7) 2003-2014
73%
160 Michael Owen FW 29 11 (2) 2001-2002, 2004-2005, 2009-2012
73%
139 Miralem Pjanić MF 83 11 (12) 2008-2010, 2014-2022
73%
99 Pavel Nedvěd MF 63 14 (15) 2000-2005, 2008-2009
73%
28 Roy Makaay FW 61 28 (4) 2000-2007
73%
149 Emmanuel Adebayor FW 45 11 (5) 2003-2004, 2006-2008, 2010-2011
71%
43 Fernando Morientes FW 65 23 (4) 2000-2007, 2009-2010
71%
76 Hulk MF, FW 50 17 (10) 2008-2009, 2011-2016
71%
165 John Terry DF 109 10 (2) 2003-2016
71%
111 Klaas-Jan Huntelaar FW 40 13 (3) 2009-2010, 2012-2014, 2018-2021
71%
173 Hakim Ziyech MF, FW 45 10 (10) 2018-2024
70%
119 Lukas Podolski MF, FW 29 13 (2) 2006-2007, 2008-2009, 2012-2016
70%
90 Marco Asensio MF, FW 73 15 (5) 2016-2025
70%
163 Mauro Icardi FW 25 11 (0) 2018-2021, 2023-2024
67%
171 Raphaël Guerreiro DF, MF 56 10 (3) 2016-2025
67%
148 Emil Forsberg MF, FW 47 11 (5) 2014-2015, 2017-2018, 2019-2024
65%
152 Eric Maxim Choupo-Moting MF, FW 41 11 (0) 2014-2015, 2018-2024
65%
159 Lorenzo Insigne MF, FW 29 11 (2) 2013-2014, 2016-2020
65%
132 Ole Gunnar Solskjær FW 46 12 (7) 2000-2003, 2006-2007
65%
176 Dušan Tadić MF, FW 36 10 (13) 2018-2023
64%
167 Isco MF, FW 78 10 (12) 2010-2011, 2012-2020, 2022-2023
64%
101 Rivaldo MF, FW 47 14 (9) 2000-2007
64%
112 Burak Yılmaz FW 40 13 (1) 2007-2008, 2011-2015, 2021-2022
62%
181 Ivica Olić FW 26 10 (1) 2004-2005, 2006-2007, 2009-2012
62%
51 Luiz Adriano MF, FW 47 21 (4) 2008-2009, 2010-2014, 2017-2018
62%
154 Mehdi Taremi MF, FW 38 11 (8) 2020-2025
62%
75 Nicolas Anelka FW 53 17 (6) 2000-2001, 2005-2006, 2007-2013
62%
136 Sébastien Haller FW 14 12 (1) 2021-2024
62%
182 Arkadiusz Milik FW 24 10 (3) 2014-2015, 2016-2019, 2022-2023
61%
97 Guti MF, FW 81 14 (9) 2000-2010
61%
174 João Félix MF, FW 43 10 (3) 2018-2025
61%
74 Juninho Pernambucano MF 59 17 (21) 2001-2009
61%
114 Patrick Kluivert FW 35 13 (5) 2000-2002, 2006-2007
59%
91 Theo Walcott MF, FW 59 15 (9) 2006-2017
59%
120 Adriano DF, FW 26 13 (4) 2004-2006, 2008-2009, 2010-2011
58%
130 Freddie Ljungberg MF, FW 58 12 (3) 2000-2007
58%
158 Christopher Nkunku MF, FW 31 11 (3) 2015-2016, 2019-2023
56%
151 José Callejón MF, FW 42 11 (6) 2011-2013, 2016-2020
56%
183 Youssef En-Nesyri FW 20 10 (0) 2020-2024
56%
64 Javier Saviola FW 56 18 (6) 2001-2002, 2004-2005, 2006-2008, 2010-2014
53%
117 Peter Crouch FW 33 13 (4) 2005-2007, 2010-2011
53%
113 Karim Adeyemi MF, FW 39 13 (3) 2020-2025
52%
58 Lisandro López MF, FW 47 19 (7) 2005-2012
52%
140 Saúl Ñíguez DF, MF 79 11 (1) 2014-2024
52%
186 Wissam Ben Yedder MF, FW 14 10 (0) 2016-2018
52%
84 Giovane Élber FW 42 16 (6) 2000-2004
50%
87 Roberto Soldado FW 23 16 (2) 2005-2006, 2007-2008, 2010-2013
48%
127 Robert Pirès MF, FW 71 12 (10) 2000-2005, 2008-2009
48%
177 Luis García MF 36 10 (2) 2004-2006, 2008-2009, 2010-2011
47%
106 Vincent Aboubakar FW 23 14 (3) 2014-2019
47%
118 Jan Koller FW 30 13 (5) 2000-2003
44%
170 Jefferson Farfán MF, FW 60 10 (7) 2004-2007, 2010-2011, 2012-2013, 2018-2019
44%
104 Kostas Mitroglou FW 41 14 (3) 2007-2008, 2009-2010, 2012-2017
44%
175 Mirko Vučinić FW 37 10 (2) 2006-2008, 2010-2011, 2012-2014
44%
153 Alberto Gilardino FW 39 11 (8) 2005-2010
41%
172 Hans Vanaken MF, FW 50 10 (3) 2016-2017, 2018-2022, 2024-2025
39%
94 Seydou Doumbia FW 31 15 (2) 2011-2012, 2013-2018
38%
145 Sylvain Wiltord MF, FW 64 11 (11) 2000-2007
35%
73 Lucho González MF 63 17 (6) 2005-2014
33%
157 Jonas FW 32 11 (5) 2010-2012, 2015-2019
32%
161 Óscar Cardozo FW 28 11 (1) 2007-2008, 2010-2014
30%
133 John Carew FW 43 12 (6) 2000-2001, 2002-2003, 2005-2007
29%
116 Julio Ricardo Cruz FW 33 13 (4) 2003-2009
27%
98 Iván Helguera DF, MF 69 14 (3) 2000-2008
24%
143 Sidney Govou MF, FW 74 11 (13) 2000-2011
24%
92 Diego Tristán FW 43 15 (1) 2000-2005
18%
150 Alex Teixeira MF, FW 44 11 (3) 2010-2015, 2021-2022
17%
156 Michalis Konstantinou FW 35 11 (0) 2001-2002, 2003-2008
8%
178 Maksim Shatskikh FW 34 10 (6) 2000-2004, 2006-2009
6%
No matching quizzes found
Score Distribution
Percent of People with Each Score
Percentile by Number Answered
Your Score History
You have not taken this quiz